000 00276 a2200109 4500
245 _aOnce Upon A Time There Was A Bookseller in Kabul
_hText
100 _aRais,Shah. M
650 _aEnglish Novel
005 20191021095204.0
260 _aKabul
_bShah M Book Co
_c2007
041 _aEnglish
084 _aNONE
999 _c11930
_d11930